Visi cemerlang PMR : bahasa Inggeris KBSM tingkat an 1,2 dan 3
| Main Author: | |
|---|---|
| Format: | Book |
| Series: | Siri visi cemerlang Fajar Bakti
|
| Subjects: |
MARC
| LEADER | 00000cam a2200000 7i4500 | ||
|---|---|---|---|
| 001 | 0000006108 | ||
| 002 | 000006598 | ||
| 005 | 20000330.0 | ||
| 020 | |a 9676529028 | ||
| 090 | 0 | 0 | |a 421 |b CHU |
| 100 | 0 | |a Chua Siew Luan | |
| 245 | 1 | 0 | |a Visi cemerlang PMR : |b bahasa Inggeris KBSM tingkat an 1,2 dan 3 |c Chua Siew Luan |
| 300 | |a 363p. ; |c 26cm. | ||
| 490 | 0 | |a Siri visi cemerlang Fajar Bakti | |
| 650 | 0 | 0 | |a English language |x PMR |
| 999 | |a 038260 |b BUKU |c PINJAMAN |e PERPUSTAKAAN KOMUNITI PETALING JAYA | ||
| 999 | |a 038261 |b BUKU |c PINJAMAN |e PERPUSTAKAAN KOMUNITI PETALING JAYA | ||